<?xml version="1.0" encoding="UTF-8"?>
<record
    xmlns:xsi="http://www.w3.org/2001/XMLSchema-instance"
    xsi:schemaLocation="http://www.loc.gov/MARC21/slim http://www.loc.gov/standards/marcxml/schema/MARC21slim.xsd"
    xmlns="http://www.loc.gov/MARC21/slim">

  <leader>02404    a2200289   4500</leader>
  <datafield tag="952" ind1=" " ind2=" ">
    <subfield code="0">0</subfield>
    <subfield code="1">0</subfield>
    <subfield code="2">lcc</subfield>
    <subfield code="4">0</subfield>
    <subfield code="7">0</subfield>
    <subfield code="8">NFIC</subfield>
    <subfield code="a">ML</subfield>
    <subfield code="b">ML</subfield>
    <subfield code="c">GEN</subfield>
    <subfield code="d">2022-09-01</subfield>
    <subfield code="e">Donation: BAI</subfield>
    <subfield code="i">032528</subfield>
    <subfield code="l">0</subfield>
    <subfield code="o">RM216. GRO 2020</subfield>
    <subfield code="p">032528</subfield>
    <subfield code="r">2022-09-01 00:00:00</subfield>
    <subfield code="t">c.1</subfield>
    <subfield code="w">2022-09-01</subfield>
    <subfield code="y">BK</subfield>
  </datafield>
  <datafield tag="999" ind1=" " ind2=" ">
    <subfield code="c">10697</subfield>
    <subfield code="d">10697</subfield>
  </datafield>
  <datafield tag="020" ind1=" " ind2=" ">
    <subfield code="a">9780323544900 (pbk. : alk. paper)</subfield>
  </datafield>
  <datafield tag="020" ind1=" " ind2=" ">
    <subfield code="a">9780323544887 (ebk. : alk. paper)</subfield>
  </datafield>
  <datafield tag="050" ind1=" " ind2=" ">
    <subfield code="a">RM216</subfield>
    <subfield code="b">GRO 2020</subfield>
  </datafield>
  <datafield tag="100" ind1="1" ind2=" ">
    <subfield code="a">Grodner, Michele.</subfield>
    <subfield code="e">author</subfield>
  </datafield>
  <datafield tag="245" ind1="1" ind2="0">
    <subfield code="a">Nutritional foundations and clinical applications :</subfield>
    <subfield code="b">a nursing approach /</subfield>
    <subfield code="c">Michele Grodner, Suzanne Dorner.</subfield>
  </datafield>
  <datafield tag="250" ind1=" " ind2=" ">
    <subfield code="a">7th edition.</subfield>
  </datafield>
  <datafield tag="264" ind1=" " ind2="1">
    <subfield code="a">Missouri, MO :</subfield>
    <subfield code="b">Elsevier Inc,</subfield>
    <subfield code="c">2020</subfield>
  </datafield>
  <datafield tag="300" ind1=" " ind2=" ">
    <subfield code="a">430 pages : illustrations (some color) ; 28 cm</subfield>
  </datafield>
  <datafield tag="336" ind1=" " ind2=" ">
    <subfield code="a">text</subfield>
    <subfield code="b">txt</subfield>
    <subfield code="2">rdacontent</subfield>
  </datafield>
  <datafield tag="337" ind1=" " ind2=" ">
    <subfield code="a">unmediated</subfield>
    <subfield code="b">n</subfield>
    <subfield code="2">rdamedia</subfield>
  </datafield>
  <datafield tag="338" ind1=" " ind2=" ">
    <subfield code="a">volume</subfield>
    <subfield code="b">nc</subfield>
    <subfield code="2">rdacarrier</subfield>
  </datafield>
  <datafield tag="504" ind1=" " ind2=" ">
    <subfield code="a">Includes index</subfield>
  </datafield>
  <datafield tag="505" ind1=" " ind2=" ">
    <subfield code="a">Wellness nutrition
Personal and community nutrition
Digestion, absorption, and metabolism
Carbohydrates
Fats
Protein
Vitamins
Water and minerals
Energy, weight, and fitness
Nutrition across the life span
Nutrition assessment and patient care
Food-related issues
Nutrition for disorders of the gastrointestinal tract
Nutrition for disorders of the liver, gallbladder, and pancreas
Nutrition for diabetes mellitus
Nutrition for metabolic stress: burns, trauma, and surgery
Nutrition for cardiopulmonary diseases
Nutrition for diseases of the kidneys
Nutrition for neuro-psychiatric disorders
Nutrition in cancer and HIV/AIDS</subfield>
  </datafield>
  <datafield tag="520" ind1=" " ind2=" ">
    <subfield code="a">"Focusing on nutrition and nutritional therapy from the nurses' perspective, Nutritional Foundations and Clinical Applications: A Nursing Approach, 7th Edition takes a wellness approach based on health promotion and primary prevention It offers guidelines with a human, personal touch, using first-hand accounts to show how nutrition principles apply to patients in real-world practice. This new edition incorporates the most current guidelines and information on key nutrition topics throughout as well as expanded coverage on the role of inflammation in common disease. A favorite of nursing students and instructors, this leading nutrition text promotes healthy diets and shows how nutrition may be used in treating and controlling diseases and disorders."</subfield>
  </datafield>
  <datafield tag="650" ind1=" " ind2=" ">
    <subfield code="a">Diet Therapy methods</subfield>
  </datafield>
  <datafield tag="650" ind1=" " ind2=" ">
    <subfield code="a">Nutrition</subfield>
  </datafield>
  <datafield tag="650" ind1=" " ind2=" ">
    <subfield code="a">nursing (health science)</subfield>
  </datafield>
  <datafield tag="700" ind1=" " ind2=" ">
    <subfield code="a">Escott- Stump, Slyvia</subfield>
    <subfield code="e">author</subfield>
  </datafield>
  <datafield tag="700" ind1=" " ind2=" ">
    <subfield code="a">Dorner, Suzanne</subfield>
    <subfield code="e">author</subfield>
  </datafield>
  <datafield tag="942" ind1=" " ind2=" ">
    <subfield code="2">lcc</subfield>
    <subfield code="c">BK</subfield>
    <subfield code="h">216</subfield>
    <subfield code="i">GRO</subfield>
    <subfield code="k">RM</subfield>
  </datafield>
</record>
